All Brawlers in Brawl Stars - Statistics

General Stats
  • This quiz has been taken 103 times
    76 since last reset
  • The average score is 55 of 82
Answer Stats
Hint Answer % Correct
Nr 8-Bit
85%
B Bull
85%
C Colt
85%
B Brock
83%
E El Primo
83%
K Kit
83%
N Nita
83%
A Amber
80%
B Bo
80%
P Poco
80%
S Shelly
80%
B Bibi
75%
C Crow
75%
D Dynamike
75%
F Frank
75%
M Mortis
75%
S Spike
75%
D Darryl
73%
E Edgar
73%
J Jessie
73%
L Leon
73%
S Surge
73%
W Willow
73%
B Barley
70%
B Buzz
70%
B Byron
70%
C Carl
70%
C Colette
70%
D Doug
70%
M Mandy
70%
M Max
70%
P Piper
70%
R Rico
70%
R Rosa
70%
T Tara
70%
A Angelo
68%
B Bonnie
68%
B Buster
68%
C Chuck
68%
C Cordelius
68%
E Emz
68%
E Eve
68%
G Gale
68%
G Gene
68%
G Gus
68%
P Pam
68%
S Stu
68%
T Tick
68%
B Bea
65%
B Berry
65%
F Fang
65%
J Jacky
65%
J Janet
65%
M Maisie
65%
M Mico
65%
P Penny
65%
A Ash
63%
B Belle
63%
M Meg
63%
M Melodie
63%
N Nani
63%
O Otis
63%
C Chester
60%
D Draco
60%
L Larry & Lawrie
60%
L Lily
60%
L Lola
60%
M Mr. P
60%
S Sam
60%
S Sandy
60%
S Sprout
60%
C Clancy
58%
G Griff
58%
G Grom
58%
R Ruffs
58%
L Lou
55%
G Gray
53%
H Hank
53%
P Pearl
53%
R R-T
53%
S Squeak
53%
C Charlie
50%
No matching quizzes found
Score Distribution
Percent of People with Each Score
Percentile by Number Answered
Your Score History
You have not taken this quiz since the last reset